Library Logo

Pioneer International University Library Catalogue

Portable GUI development with C++ / (Record no. 743)

MARC details
000 -LEADER
fixed length control field 00577cam a2200193 a 4500
005 - DATE AND TIME OF LATEST TRANSACTION
control field 20250901165231.0
008 - FIXED-LENGTH DATA ELEMENTS--GENERAL INFORMATION
fixed length control field 920603s1993 nyua b 001 0 eng
010 ## - LIBRARY OF CONGRESS CONTROL NUMBER
LC control number 92022544
020 ## - INTERNATIONAL STANDARD BOOK NUMBER
International Standard Book Number 0070684898
020 ## - INTERNATIONAL STANDARD BOOK NUMBER
International Standard Book Number 0070684847 (paper) :
Terms of availability $29.95
050 00 - LIBRARY OF CONGRESS CALL NUMBER
Classification number QA76.9.U83
Item number W38 1993
082 00 - DEWEY DECIMAL CLASSIFICATION NUMBER
Classification number 005.4/2
Edition information 20
100 1# - MAIN ENTRY--PERSONAL NAME
Personal name Watson, Mark,
Dates associated with a name 1951-
245 10 - TITLE STATEMENT
Title Portable GUI development with C++ /
Statement of responsibility, etc. Mark Watson.
250 ## - EDITION STATEMENT
Edition statement 1st ed.
260 ## - PUBLICATION, DISTRIBUTION, ETC.
Place of publication, distribution, etc. New York :
Name of publisher, distributor, etc. McGraw-Hill,
Date of publication, distribution, etc. c1993.
300 ## - PHYSICAL DESCRIPTION
Extent xv, 317 p. :
Other physical details ill. ;
Dimensions 24 cm.
942 ## - ADDED ENTRY ELEMENTS (KOHA)
Source of classification or shelving scheme Library of Congress Classification
Classification part QA76.9.U83 1993
Holdings
Withdrawn status Lost status Source of classification or shelving scheme Damaged status Not for loan Home library Current library Shelving location Date acquired Total checkouts Full call number Barcode Date last seen Date last checked out Price effective from Koha item type
    Library of Congress Classification     Main Library Main Library   02/24/2021 1 QA76.9.U83.W38 1993 PIU0190825 10/07/2021 09/24/2021 02/24/2021 Books